000 01241nam a2200313 a 4500
001 ebr10728419
003 CaPaEBR
006 m o u
007 cr cn|||||||||
008 130716s2013 enka s 001 0 eng d
020 _z9781782166528
020 _z9781782166535 (e-book)
040 _aCaPaEBR
_cCaPaEBR
035 _a(OCoLC)851696651
050 1 4 _aTK5105.8885.D78
_bS64 2013eb
100 1 _aSpets, Sammy.
245 1 0 _aProgramming Drupal 7 entities
_h[electronic resource] /
_cSammy Spets.
260 _aBirmingham :
_bPackt Pub.,
_c2013.
300 _aiii, 117 p. :
_bill. (some col.).
490 0 _aOpen source : community experience distilled
500 _aIncludes index.
500 _a"Expose local or remote data as Drupal 7 entities and build custom solutions."
533 _aElectronic reproduction.
_bPalo Alto, Calif. :
_cebrary,
_d2013.
_nAvailable via World Wide Web.
_nAccess may be limited to ebrary affiliated libraries.
630 0 0 _aDrupal (Computer file)
650 0 _aOpen source software.
655 7 _aElectronic books.
_2local
710 2 _aebrary, Inc.
856 4 0 _uhttp://site.ebrary.com/lib/rucke/Doc?id=10728419
_zAn electronic book accessible through the World Wide Web; click to view
999 _c151406
_d151406